150 Biggest World Cities on a Map - Statistics

General Stats
  • This quiz has been taken 2,851 times
    15 since last reset
  • The average score is 115 of 150
Answers on the Map
Answers color-coded by a green-red scale on the quiz's map according to % correct below.
 
Answer Stats
Population City % Correct
6,250,000 Atlanta
100%
7,850,000 Boston
100%
23,200,000 Cairo
100%
9,800,000 Chicago
100%
8,100,000 Dallas
100%
3,950,000 Denver
100%
5,850,000 Detroit
100%
7,550,000 Houston
100%
12,200,000 Lima
100%
15,400,000 London
100%
17,400,000 Los Angeles
100%
7,000,000 Madrid
100%
25,600,000 Mexico City
100%
6,700,000 Miami
100%
4,675,000 Montréal
100%
19,100,000 Moscow
100%
22,600,000 New York
100%
4,025,000 Orlando
100%
11,600,000 Paris
100%
5,050,000 Phoenix
100%
7,700,000 San Francisco
100%
4,625,000 Seattle
100%
5,150,000 Tampa
100%
8,300,000 Toronto
100%
6,350,000 Alexandria
92%
4,400,000 Algiers
92%
8,000,000 Baghdād
92%
22,400,000 Bangkok
92%
4,950,000 Barcelona
92%
21,800,000 Bĕijīng
92%
4,700,000 Berlin
92%
10,800,000 Bogotá
92%
17,000,000 Buenos Aires
92%
5,200,000 Cape Town
92%
4,050,000 Damascus
92%
23,700,000 Dhaka
92%
6,650,000 Dubai
92%
7,500,000 Hong Kong
92%
16,200,000 İstanbul
92%
29,800,000 Jakarta
92%
15,100,000 Johannesburg
92%
16,900,000 Kinshasa
92%
4,825,000 Kuwait City
92%
21,900,000 Lagos
92%
6,350,000 Manchester
92%
27,100,000 Manila
92%
6,550,000 Milan
92%
28,100,000 Mumbai
92%
7,150,000 Nairobi
92%
4,075,000 Naples
92%
7,650,000 Philadelphia
92%
13,600,000 Rio de Janeiro
92%
6,350,000 Saint Petersburg
92%
8,600,000 Santiago
92%
22,700,000 São Paulo
92%
8,150,000 Singapore
92%
17,200,000 Tehrān
92%
41,300,000 Tōkyō
92%
4,950,000 Addis Ababa
85%
6,300,000 Ammān
85%
5,250,000 Ankara
85%
15,300,000 Bangalore
85%
4,100,000 Birmingham
85%
4,500,000 Casablanca
85%
13,300,000 Chennai
85%
6,000,000 Guadalajara
85%
73,600,000 Guăngzhōu
85%
14,700,000 Ho Chi Minh City
85%
4,000,000 Jeddah
85%
5,450,000 Kābul
85%
21,800,000 Karāchi
85%
15,000,000 Lāhore
85%
5,450,000 Melbourne
85%
10,500,000 Nagoya
85%
17,700,000 Ōsaka
85%
7,900,000 Riyadh
85%
3,950,000 Santo Domingo
85%
42,300,000 Shànghăi
85%
5,300,000 Sydney
85%
8,800,000 Washington DC
85%
13,700,000 Xī'ān
85%
10,200,000 Ahmedabad
77%
5,950,000 Bamako
77%
5,000,000 Colombo
77%
4,375,000 Dakar
77%
6,900,000 Dar es Salaam
77%
36,900,000 Delhi
77%
14,700,000 Hángzhōu
77%
7,550,000 Hanoi
77%
12,100,000 Hyderābād
77%
5,350,000 Kampala
77%
5,550,000 Kano
77%
7,400,000 Khartoum
77%
18,100,000 Kolkata
77%
9,750,000 Kuala Lumpur
77%
10,400,000 Luanda
77%
4,425,000 Medellín
77%
6,300,000 Monterrey
77%
25,400,000 Seoul
77%
15,800,000 Xiàmén
77%
7,300,000 Abidjan
69%
7,050,000 Accra
69%
3,950,000 Busan
69%
18,300,000 Chéngdū
69%
3,950,000 Porto Alegre
69%
8,250,000 Pune
69%
4,075,000 Tashkent
69%
11,800,000 Tiānjīn
69%
12,900,000 Wŭhàn
69%
4,900,000 Yangon
69%
5,150,000 Chittagong
62%
13,200,000 Chóngqìng
62%
4,000,000 Conakry
62%
3,975,000 Durban
62%
9,750,000 Nánjīng
62%
4,100,000 Recife
62%
10,200,000 Taipei
62%
5,150,000 Ürümqi
62%
7,050,000 Bandung
54%
5,350,000 Belo Horizonte
54%
4,200,000 Faisalābād
54%
4,650,000 Jaipur
54%
4,375,000 Puebla
54%
8,400,000 Sūrat
54%
10,500,000 Zhèngzhōu
54%
11,600,000 Chángshā
46%
5,550,000 Dàlián
46%
5,600,000 Harbin
46%
8,250,000 Héféi
46%
6,950,000 Kūnmíng
46%
4,325,000 Lucknow
46%
5,600,000 Nánníng
46%
7,900,000 Qīngdăo
46%
5,800,000 Rāwalpindi
46%
6,600,000 Shíjiāzhuāng
46%
6,000,000 Surabaya
46%
6,300,000 Tàiyuán
46%
5,300,000 Chángchūn
38%
3,950,000 Douala
38%
4,875,000 Fúzhōu
38%
6,950,000 Jìnán
38%
4,300,000 Medan
38%
7,750,000 Níngbō
38%
8,100,000 Shàntóu
38%
8,950,000 Shĕnyáng
38%
7,100,000 Wēnzhōu
38%
4,050,000 Zībó
38%
5,350,000 Guìyáng
31%
4,725,000 Línyí
31%
5,250,000 Nánchāng
31%
No matching quizzes found
Score Distribution
Percent of People with Each Score
Percentile by Number Answered
Your Score History
You have not taken this quiz since the last reset